Загрузка...
Aana Kazhchayude Kanappurangal/
| Главный автор: | |
|---|---|
| Формат: | Printed Book |
| Опубликовано: |
Kottayam
NBS
2010
|
| Редактирование: | 1st |
| Предметы: |
| LEADER | 00530nam a22001571a 4500 | ||
|---|---|---|---|
| 082 | |a M 599.67 |b ANA/A | ||
| 100 | |a Anandan Chittar |9 37926 | ||
| 245 | |a Aana Kazhchayude Kanappurangal/ |c by Anandan Chittar | ||
| 250 | |a 1st | ||
| 260 | |a Kottayam |b NBS |c 2010 | ||
| 300 | |a 209p. | ||
| 650 | |a Elephant |9 37927 | ||
| 650 | |a Applied Sciences |9 37928 | ||
| 942 | |c BK | ||
| 999 | |c 427 |d 427 | ||
| 952 | |0 0 |1 0 |4 0 |6 M_599_670000000000000_ANA_A |7 0 |9 681 |a SSUS |b SSUS |d 2015-01-08 |g 150.00 |l 8 |m 1 |o M 599.67 ANA/A |p 063485 |r 2019-10-14 |s 2019-10-14 |v 0.00 |w 2015-01-08 |y BK | ||